Tratamiento de la energía eléctrica: redes trifásicas, circuitos magnéticos, transformadores, rectificadores, líneas
Gardado en:
| Autor Principal: | |
|---|---|
| Formato: | Libro |
| Idioma: | Lingua castelá |
| Publicado: |
Barcelona
Marcombo
1973
|
| Series: | Colección Básica de Electrotecnia
|
| Subjects: | |
| Tags: |
Engadir etiqueta
Sen Etiquetas, Sexa o primeiro en etiquetar este rexistro!
|
MARC
| LEADER | 00000nam a2200000 a 4500 | ||
|---|---|---|---|
| 001 | UCU5311 | ||
| 003 | CL-VaPUC | ||
| 008 | 960531e19730000SP |||||||||||||||||spa|d | ||
| 082 | 0 | 4 | |a 621.313 |b POL |2 21 |
| 100 | 0 | |a Poloujadoff, M |e author |9 363255 | |
| 245 | 1 | 0 | |a Tratamiento de la energía eléctrica: redes trifásicas, circuitos magnéticos, transformadores, rectificadores, líneas |
| 300 | |a 179 p | ||
| 942 | |c BK | ||
| 945 | |d 19960531 00:00:00 |a paguirre | ||
| 260 | |a Barcelona |b Marcombo |c 1973 | ||
| 650 | 0 | |a Energía eléctrica |9 256678 | |
| 650 | 0 | |a Circuitos eléctricos |9 260262 | |
| 650 | 0 | |a Transformadores |9 345471 | |
| 650 | 7 | |a TRANSPORTE DE ENERGIA ELECTRICA |2 CL-VaPUC |9 359786 | |
| 650 | 7 | |a TECNOLOGIA ENERGETICA |2 CL-VaPUC |9 360691 | |
| 583 | |a last modification |c 19960531 00:00:00 |k Rodrigo Vera | ||
| 490 | 0 | |a Colección Básica de Electrotecnia | |
| 999 | |c 248716 |d 248714 | ||